Statistics for Guess the Asian Language

Click here to take the quiz!

General Stats

  • This quiz has been taken 1,795 times
  • The average score is 6 of 10

Answer Stats

Language% Correct
물은 생명체 활동에 필수적이기 때문에 지구 이외의 천체에서 물이 발견되면 항상 관심을 받게 된다Korean
97%
حفر الفرس أيضاً القنوات المائيّة في المدن والبلداتArabic
94%
มีหลักฐานสำคัญชี้ให้เห็นว่าน้ำในรูปของเหลวปรากฏอยู่ใต้พื้นผิวของดวงจันทร์ของดาวเสาร์ชื่อ เอนเซลาดัสThai
90%
Người ta có thể cho oxit axit tác dụng với oxit bazơ hoặc ngược lại để tạo ra muối và nước.Vietnamese
82%
また水は、かつて1kgや1calの単位の基準として用いられた。Japanese
80%
همچنین بخشی از آب موجود در کره زمین به‌صورت بخار در آتمسفر و بخش دیگری نیز به‌صورت جامد در یخچال‌های طبیعی وجود دارد.Persian
51%
জীবজগতে জলের প্রভাব অপরিসীম ৷Bengali
47%
ទឹកគឺជាគ្រឿងផ្សំចំបងនៃភេសជ្ជៈគ្រប់ប្រភេទ មានដូចជាKhmer
42%
Ҷойгиршавии оби ширин дар табиат нобаробар аст.Tajik
30%
यो धेरै ठाउँ र धेरै आकारमा पाइन्छNepali
21%

Score Distribution

Percentile by Number Answered

Percent of People with Each Score

Your Score History

You have not taken this quiz